Detalles MARC
| 000 -LEADER |
| fixed length control field |
01970nam a2200277Ia 4500 |
| 003 - CONTROL NUMBER IDENTIFIER |
| control field |
OSt |
| 005 - DATE AND TIME OF LATEST TRANSACTION |
| control field |
20210204163554.0 |
| 008 - FIXED-LENGTH DATA ELEMENTS--GENERAL INFORMATION |
| fixed length control field |
191128s2008 ck gr 000 0 spa d |
| 020 ## - INTERNATIONAL STANDARD BOOK NUMBER |
| International Standard Book Number |
9789588280172 |
| 040 ## - CATALOGING SOURCE |
| Original cataloging agency |
CO-JMCR |
| Transcribing agency |
CO-JMCR |
| 041 0# - LANGUAGE CODE |
| Language code of text/sound track or separate title |
spa |
| 082 04 - DEWEY DECIMAL CLASSIFICATION NUMBER |
| Classification number |
328.31 / |
| Item number |
G984i |
| Edition number |
23 |
| 100 1# - MAIN ENTRY--PERSONAL NAME |
| Personal name |
Gutiérrez Castañeda, Nancy Patricia, |
| Relator term |
autora |
| 9 (RLIN) |
4180 |
| 245 10 - TITLE STATEMENT |
| Title |
Introducción / |
| Statement of responsibility, etc. |
Nancy Patricia Gutiérrez Castañeda |
| 250 ## - EDITION STATEMENT |
| Edition statement |
Primera edición |
| 260 ## - PUBLICATION, DISTRIBUTION, ETC. |
| Place of publication, distribution, etc. |
Manizales : |
| Name of publisher, distributor, etc. |
Universidad Nacional de Colombia, |
| Date of publication, distribution, etc. |
2008 |
| 300 ## - PHYSICAL DESCRIPTION |
| Extent |
7 volúmenes ; |
| Dimensions |
22 cm. |
| 490 0# - SERIES STATEMENT |
| Series statement |
Documentos de política pública, piensa Colombia : los aportes de la academia |
| 505 0# - FORMATTED CONTENTS NOTE |
| Miscellaneous information |
v.1 |
| Title |
Víctimas de la violencia : la paz como camino / |
| Statement of responsibility |
Natalia Springer, Alejandro Peláez y Diego Márquez<br/> |
| Miscellaneous information |
v.2 |
| Title |
Desarrollo económico : retos y políticas públicas / <br/> |
| Statement of responsibility |
Oskar Nupia Martinez, Raquel Bernal y Adriana Camacho |
| Miscellaneous information |
v.3 |
| Title |
Hacia el desarrollo sostenible en Colombia / |
| Statement of responsibility |
Mario Alejandro Pérez Rincón y Johnny Harold Rojas |
| Miscellaneous information |
v.4 |
| Title |
Las relaciones internacionales de Colombia en el siglo XXI / |
| Statement of responsibility |
Bernardo Vela Obregozo, Leonardo Carvajal y Martha Ardila Ardila<br/> |
| Miscellaneous information |
v.5 |
| Title |
Conglomerados regionales : una propuesta para transformar la estructura productiva / <br/> |
| Statement of responsibility |
Julio César Paz Lamir, Alfredo Roa Mejía y Ana Milena Yoshioka Vargas |
| Miscellaneous information |
v.6 |
| Title |
Narcotráfico : las múltiples dimensiones del problema / <br/> |
| Statement of responsibility |
Andrés López Restrepo |
| Miscellaneous information |
v.7 |
| Title |
Infraestructura : los retos de Colombia / <br/> |
| Statement of responsibility |
Ricardo Montezuma Enríquez |
| 520 ## - SUMMARY, ETC. |
| Summary, etc. |
Como parte de un esfuerzo para acercar a los mejores centros de investigación académica que estudian las principales problemáticas de nuestro país a los foros políticos, el Congreso de la República ha formulado el Proyecto Piensa Colombia. |
| 650 14 - SUBJECT ADDED ENTRY--TOPICAL TERM |
| Topical term or geographic name entry element |
Violencia |
| Geographic subdivision |
Colombia |
| 9 (RLIN) |
4181 |
| 650 14 - SUBJECT ADDED ENTRY--TOPICAL TERM |
| Topical term or geographic name entry element |
Víctimas de la violencia |
| Geographic subdivision |
Colombia |
| 9 (RLIN) |
4182 |
| 650 14 - SUBJECT ADDED ENTRY--TOPICAL TERM |
| Topical term or geographic name entry element |
Desarrollo económico |
| Geographic subdivision |
Colombia |
| 9 (RLIN) |
4183 |
| 650 14 - SUBJECT ADDED ENTRY--TOPICAL TERM |
| Topical term or geographic name entry element |
Narcotráfico |
| Geographic subdivision |
Colombia |
| 9 (RLIN) |
4184 |
| 942 ## - ADDED ENTRY ELEMENTS (KOHA) |
| Source of classification or shelving scheme |
Dewey Decimal Classification |
| Koha item type |
Books |